Top 10 Cities In Albania By Population - Statistics

General Stats
  • This quiz has been taken 20 times
  • The average score is 4 of 10
Answer Stats
Population City % Correct
375,000 Tirana
100%
122,000 Durres
58%
101,000 Elbasan
58%
88,000 Shkoder
50%
90,000 Vlore
50%
56,000 Fier
42%
58,000 Korce
42%
62,000 Pogradec
8%
61,000 Fier-Cifci
0%
60,000 Patos
0%
No matching quizzes found
Score Distribution
Percent of People with Each Score
Percentile by Number Answered
Your Score History
You have not taken this quiz